000 00623cam a2200217 a 4500
001 82647
003 BD-RjUL
005 20240116145621.0
008 2401 r19051957nyu 000 1 eng d
035 _a(BD-RjUL) 82647
040 _aDLC
_cDLC
_dOCoLC
_dDLC
_dBD-RjUL
_beng
041 _aeng
082 0 0 _a823.912
_220
_bGIF 1957
100 1 _aGilbert, Michel
_957188
245 1 0 _a fear to tread /
_cMichael Gilbert
260 _aLondon :
_bHodder and Stoughton,
_c1957.
300 _a223 p. ;
_c18 cm.
650 0 _aMiddle class
_zEngland
_xFiction.
_957189
650 0 _aCulture conflict
_xFiction.
_957190
942 _2ddc
_cBK
999 _c82647
_d82647